Kvalita služieb ubytovacích zariadení vo vybranom regióne cestovného ruchu bakalárska práca

Saved in:
Bibliographic Details
Main Author: Cengelová, Viktória
Corporate Author: Obchodná fakulta EU. Katedra cestovného ruchu
Other Authors: Gáll, Jozef, 1991-
Format: Book
Language:Slovak
Published: Bratislava 2024
Tags: Add Tag
No Tags, Be the first to tag this record!

MARC

LEADER 00000nbm a2200000 4500
001 0302083
005 20250812092859.8
041 0 |a slo 
044 |a SK 
245 1 0 |a Kvalita služieb ubytovacích zariadení vo vybranom regióne cestovného ruchu  |b bakalárska práca  |c Viktória Cengelová ; školiteľ: Jozef Gáll 
264 1 |a Bratislava  |c 2024 
300 |a 72 s. 
100 1 |a Cengelová, Viktória 
700 1 |a Gáll, Jozef, 1991- 
710 2 |a Obchodná fakulta EU. Katedra cestovného ruchu